[Event "25th Zadar Open 2018"]
[Site "Zadar"]
[Date "2018.12.15"]
[Round "1.13"]
[White "Livaic, Leon"]
[Black "Samani, Yamac"]
[Result "1-0"]
[WhiteElo "2474"]
[BlackElo "2267"]
[Annotator "TA"]
[PlyCount "89"]
[EventDate "2018.12.15"]
[EventType "swiss"]
[EventCountry "CRO"]
[SourceTitle "playchess.com"]
[Source "ChessBase"]
[SourceQuality "1"]

{[%evp 18,89,11,6,17,11,9,1,12,8,21,6,25,22,15,10,47,9,10,0,85,80,151,144,141,146,137,144,160,170,215,112,128,118,128,128,128,128,128,124,128,124,128,128,128,127,128,135,160,145,272,270,259,256,281,279,317,317,317,317,317,317,317,300,775,766,742,732,718,664,1564,1473,1272,1286]} 1. d4 Nf6 2. c4 e6 3. Nf3 d5 4. Nc3 Be7 5. Qc2 O-O 6. Bg5 b6 7. cxd5 {D53: Queen's Gambit Declined: 4 Bg5 Be7: Early deviations} exd5 (7... Nxd5 8. Nxd5 exd5 9. Bxe7 Qxe7 10. Rc1 Ba6 11. e3 Bxf1 12. Kxf1 Rc8 13. Qf5 Qd7 14. Qxd7 Nxd7 {½-½ (46) Yu,Y (2738)-Zhou,W (2635) China 2016}) 8. g3 Bb7 9. Bg2 Nbd7 10. O-O {LiveBook: 4 Games} Ne4 11. Bxe7 Qxe7 12. Rad1 Nxc3 $146 (12... f5 {with more complications.} 13. Ne1 c6 14. Nd3 Rac8 15. Rfe1 g6) ({Predecessor:} 12... f5 13. e3 Rf6 14. Ne1 c6 15. Nd3 {1-0 (39) Petrosian,A (2460)-Borges Matos,J (2535) Polanica Zdroj 1988}) 13. Qxc3 c5 14. Rfe1 Rfe8 15. e3 c4 16. Nd2 b5 17. Qa5 (17. e4 $5) 17... a6 18. b3 cxb3 (18... Nf6 $11) 19. axb3 f5 (19... Rec8 $142) 20. Rc1 $36 {[%mdl 2048] [#] Strongly threatening Rc7. Black is under strong pressure.} Rac8 21. Rc7 Rxc7 22. Qxc7 Nf8 23. Rc1 Ne6 {[#]} 24. Qa5 (24. Qe5 $1 $18) 24... Qd6 25. Nf3 Rc8 26. Rxc8+ Bxc8 27. Ne5 Bb7 28. h4 g6 29. Bf3 Nd8 30. Nd3 Ne6 31. Kg2 Kg7 32. Qc3 h6 33. Nc5 Nxc5 (33... Bc8 $16 34. b4 g5) 34. dxc5+ $18 Qf6 35. Qa5 Qf7 36. Qd8 h5 37. Kf1 Bc6 38. b4 Qb7 39. Ke2 Qf7 40. Kd3 Qf6 $2 (40... Kh7 41. Qb6 Qe6 42. Qxa6 Kg7 43. Qa7+ Qf7 44. Qa1+ Kh7) 41. Qxf6+ {White is clearly winning.} Kxf6 42. Kd4 Ke6 43. Bd1 Kf6 44. Bb3 Ke6 45. f3 {Accuracy: White = 76%, Black = 27%.} 1-0

[Event "25th Zadar Open 2018"]
[Site "Zadar"]
[Date "2018.12.15"]
[Round "1.14"]
[White "Cebalo, Miso"]
[Black "Omelja, Artem"]
[Result "0-1"]
[WhiteElo "2262"]
[BlackElo "2457"]
[Annotator "TA"]
[PlyCount "58"]
[EventDate "2018.12.15"]
[EventType "swiss"]
[EventCountry "CRO"]
[SourceTitle "playchess.com"]
[Source "ChessBase"]
[SourceQuality "1"]

{[%evp 17,58,-50,-31,-67,-48,-66,-68,-75,-80,-84,-90,-135,-131,-195,-204,-197,-190,-225,-214,-320,-316,-457,-430,-555,-540,-663,-661,-703,-707,-700,-666,-891,-855,-915,-880,-885,-847,-870,-950,-1237,-1195,-5731,-2488]} 1. Nf3 d5 2. d4 Nf6 3. c4 e6 4. Nc3 c6 5. Bg5 h6 6. Bh4 dxc4 7. a4 Bb4 8. e3 b5 9. Nd2 Bb7 {LiveBook: 14 Games. D43: Semi-Slav: 5 Bg5 h6} (9... Nbd7 10. axb5 Bxc3 11. bxc3 cxb5 12. e4 Bb7 13. e5 g5 14. Bg3 Ne4 15. Nxe4 Bxe4 16. h4 Rg8 17. hxg5 Qxg5 {1-0 (48) Gareyev,T (2617)-Tan,J (2451) chess.com INT 2017}) 10. Be2 Nbd7 11. Bf3 Qb6 {Black is slightly better.} 12. O-O O-O 13. Qc2 a6 14. Rfc1 $146 ({Predecessor:} 14. Rab1 Rfc8 15. b3 Nd5 16. Na2 Bxd2 17. Qxd2 cxb3 18. Rxb3 {0-1 (28) Van de Seijp,Q (1924)-Arias,P (2078) Pocos de Caldas 2013}) 14... c5 15. Nde4 (15. dxc5 $17 {keeps fighting.} Nxc5 16. Bxf6 gxf6 17. Nde4) 15... cxd4 $19 16. exd4 Nd5 17. Bg3 f5 {[%cal Bf7f5,Bf5f4][%mdl 32]} ({Don't take} 17... Qxd4 18. axb5 Ne5 19. bxa6 $17) 18. Nd2 (18. Nxd5 {was worth a try.} Bxd5 19. Nc3 Bxf3 20. gxf3) 18... Qxd4 19. Nf1 (19. Rd1 $142) 19... f4 {Black is clearly winning.} 20. Bh4 Ne5 21. Bxd5 Bxd5 22. Nxd5 exd5 23. axb5 Nd3 24. Rd1 axb5 25. Rxa8 Rxa8 {[%cal Bf8a8,Ba8a6,Ba6g6][%mdl 32]} 26. Qe2 Kh7 27. Qe6 Qe4 28. Qd7 Ra6 29. Qxb5 Rg6 {Accuracy: White = 18%, Black = 95%.} 0-1

[Event "25th Zadar Open 2018"]
[Site "Zadar"]
[Date "2018.12.15"]
[Round "1.15"]
[White "Loiseau, Quentin"]
[Black "Der Manuelian, Haik"]
[Result "1-0"]
[WhiteElo "2443"]
[BlackElo "2262"]
[Annotator "TA"]
[PlyCount "71"]
[EventDate "2018.12.15"]
[EventType "swiss"]
[EventCountry "CRO"]
[SourceTitle "playchess.com"]
[Source "ChessBase"]
[SourceQuality "1"]

{[%evp 19,71,12,27,14,27,41,94,0,7,7,0,4,6,1,16,0,25,33,26,34,43,36,54,52,120,112,161,90,94,88,92,95,104,80,80,80,70,70,218,218,214,216,196,202,189,100,115,106,271,269,262,242,344,335]} 1. c4 e6 2. g3 d5 {[%cal Bd7d5,Bd5d4][%mdl 32]} 3. Bg2 d4 4. Nf3 c5 5. e3 Nc6 6. O-O {A13: English Opening: 1...e6} Nf6 7. d3 (7. exd4 cxd4 8. d3 Bd6 9. Na3 O-O 10. Nc2 e5 11. b4 Re8 12. b5 Nb8 13. Bg5 Nbd7 14. Nd2 Qc7 15. f4 exf4 16. Bxf4 {1-0 (28) Adhiban,B (2682)-Cheparinov,I (2711) Zagreb 2018}) 7... Be7 8. exd4 cxd4 9. Re1 O-O 10. Na3 h6 {LiveBook: 4 Games} 11. Nc2 a5 12. b3 Nd7 $146 (12... Re8 $14) ({Predecessor:} 12... Re8 13. Ne5 Nxe5 14. Rxe5 Qc7 {½-½ (43) Petrosian,T (2601)-Bernadskiy,V (2574) Tsaghkadzor 2017}) 13. Bh3 (13. Nfxd4 $16 Nxd4 14. Nxd4) 13... Bf6 14. Ba3 Re8 15. Nd2 Be7 16. Bxe7 Rxe7 17. Bg2 Nc5 18. Ne4 Nxe4 19. Bxe4 Qd6 20. a3 Rb8 21. Qd2 f5 (21... Rd7 $14) 22. Bg2 $16 b6 23. b4 (23. Bxc6 $1 $18 Qxc6 24. Nxd4) 23... Bb7 24. Qf4 Rd8 25. Qxd6 Rxd6 26. c5 bxc5 27. bxc5 Rd8 28. Rab1 $36 {[%mdl 2048] White has some pressure.} Ba8 (28... Rc8 $14) 29. Rb6 $18 Rc8 30. Bxc6 Bxc6 31. Nxd4 Bd5 32. Nxf5 ({Better is} 32. Rc1 $18) 32... Rd7 33. Rd6 Rxd6 $2 {[#]} (33... Rf7 $16) 34. Ne7+ ({Don't do} 34. cxd6 $6 Kf7 $18) ({Not} 34. Nxd6 Rxc5 35. Nc4 Rb5 $11) 34... Kf8 35. Nxc8 ({Much less strong is} 35. cxd6 Rd8 $18) 35... Rc6 (35... Rd8 {was necessary.}) 36. Nb6 {Precision: White = 67%, Black = 21%.} 1-0

[Event "25th Zadar Open 2018"]
[Site "Zadar"]
[Date "2018.12.15"]
[Round "1.16"]
[White "Bosnjak, Petar"]
[Black "Tica, Sven"]
[Result "0-1"]
[WhiteElo "2255"]
[BlackElo "2439"]
[Annotator "TA"]
[PlyCount "62"]
[EventDate "2018.12.15"]
[EventType "swiss"]
[EventCountry "CRO"]
[SourceTitle "playchess.com"]
[Source "ChessBase"]
[SourceQuality "1"]

{[%evp 19,62,37,76,60,79,79,105,116,116,80,139,82,78,80,91,79,74,0,0,0,85,83,72,-41,0,-142,-133,-136,368,-172,-170,-357,-352,-342,-264,-224,-174,-300,-293,-299,-292,-294,-194,-720,-727]} 1. e4 c6 2. d4 d5 3. e5 Bf5 4. Nf3 {[%cal Bg1f3,Bf3e1,Be1d3,Bd3c5][%mdl 32]} e6 5. Be2 Ne7 6. Nbd2 {B12: Caro-Kann: Advance Variation} h6 7. O-O Nd7 8. Nb3 g5 9. Ne1 Bg7 10. f4 gxf4 {LiveBook: 3 Games} 11. Bxf4 Qc7 $146 ({Predecessor:} 11... Qb6 12. Kh1 a5 13. a4 h5 14. Bg5 Bg6 15. Bxe7 Kxe7 {1-0 (42) Vachier Lagrave,M (2758)-Harikrishna,P (2727) Beijing 2014}) 12. Nd3 O-O-O 13. a4 {[%cal Ba2a4,Ba4a5][%mdl 32]} Bg6 14. a5 h5 ({Better is} 14... Rdg8) 15. Nbc5 ({White should play} 15. Bg5 Rde8 16. c3) 15... Nxc5 $16 16. Nxc5 ({Much worse is} 16. dxc5 a6 $15) 16... Nf5 17. Ra3 Bf8 18. Rc3 ({White should try} 18. Bg5 $16) 18... Qxa5 $11 19. Bg5 $1 Qb4 (19... Re8 $11) 20. Rf4 {Rb3 is the strong threat.} ({Don't play} 20. Bxd8 Qxd4+ 21. Qxd4 Nxd4 $11) 20... Bxc5 21. Rxc5 (21. dxc5 $16 Qxb2 22. Qd2) 21... Rdg8 22. c3 (22. Rc3 $1 $11 {was the only way to keep the balance.}) 22... Qxb2 $17 {Hoping for ...Ne3.} 23. Rf2 h4 $2 {[%mdl 8192] [#]} (23... Qa3 $17 24. Bc1 Qa1) 24. Bd3 $4 {[%mdl 8192] [#]} (24. Rxc6+ $1 $18 {[%mdl 512] is the narrow road to win.} Kb8 (24... bxc6 25. Ba6+) 25. Ba6 {[%mdl 64] Discovered Attack (Double check)}) 24... Qa3 $1 $19 {Threatens to win with ...h3.} 25. Bb1 $2 (25. Bf4 {might work better.}) 25... Bh5 26. Qd2 b6 27. Rxc6+ Kd7 28. Bxf5 (28. Rd6+ $142 Nxd6 29. exd6) 28... Kxc6 29. Bd3 Bg6 {White must now prevent ...Bxd3.} 30. Bf1 b5 31. Bxh4 $2 (31. Rf3) 31... Rxh4 {Accuracy: White = 30%, Black = 43%.} 0-1

[Event "25th Zadar Open 2018"]
[Site "Zadar"]
[Date "2018.12.15"]
[Round "1.17"]
[White "Tomazini, Zan"]
[Black "Bratkovic, Jakob"]
[Result "1/2-1/2"]
[WhiteElo "2437"]
[BlackElo "2239"]
[Annotator "TA"]
[PlyCount "46"]
[EventDate "2018.12.15"]
[EventType "swiss"]
[EventCountry "CRO"]
[SourceTitle "playchess.com"]
[Source "ChessBase"]
[SourceQuality "1"]

{[%evp 16,46,0,-14,0,2,-10,-25,-12,-16,-21,-57,-52,-62,-56,-88,-50,-49,-43,-54,-43,-37,-40,-35,-6,-4,0,-37,0,-2,0,-26,0]} 1. e4 c5 2. Nf3 Nc6 3. c3 d5 4. exd5 Qxd5 5. d4 Bf5 (5... Nf6 6. Be2 cxd4 7. cxd4 e6 8. O-O Be7 9. Nc3 Qd6 10. Nb5 Qd8 11. Bf4 Nd5 12. Bg3 O-O 13. Bc4 a6 14. Nc3 Nxc3 15. bxc3 b5 16. Bd3 Bb7 17. a4 b4 18. Rb1 Bf6 19. Be4 a5 20. cxb4 axb4 21. Bxc6 {½-½ (21) Zvjaginsev,V (2660)-Moiseenko,A (2692) Berlin 2015}) 6. Be2 {B22: Sicilian: 2 c3} cxd4 7. cxd4 Bxb1 8. Rxb1 e6 9. a3 {LiveBook: 10 Games} Be7 10. O-O Bf6 11. Qa4 Nge7 12. Be3 O-O 13. b4 $146 ({Predecessor:} 13. Rbc1) 13... Nf5 ({Don't go for} 13... Bxd4 $2 14. Rbd1 $18) ({Don't play} 13... Nxd4 $6 14. Bxd4 Bxd4 15. Rbd1 $11) 14. Rbd1 a6 ({Not} 14... Bxd4 $2 15. b5 $18) 15. Bd3 Rfc8 {And now ...b5 would win.} 16. Bxf5 Qxf5 17. Rc1 Rd8 {[%cal Rf6d4]} 18. Rc5 Qe4 {[%cal Rc6d4]} 19. Re1 Qd3 {[%cal Rf6d4]} 20. Rd1 Qe4 {[%cal Rc6d4]} 21. Re1 Qd3 {[%cal Rf6d4]} 22. Rd1 Qe4 {[%cal Rc6d4]} 23. Re1 Qd3 {Accuracy: White = 60%, Black = 44%.} 1/2-1/2

[Event "25th Zadar Open 2018"]
[Site "Zadar"]
[Date "2018.12.15"]
[Round "1.19"]
[White "Rezan, Sasa"]
[Black "Warakomska, Anna"]
[Result "1-0"]
[WhiteElo "2421"]
[BlackElo "2233"]
[Annotator "TA"]
[PlyCount "99"]
[EventDate "2018.12.15"]
[EventType "swiss"]
[EventCountry "CRO"]
[SourceTitle "playchess.com"]
[Source "ChessBase"]
[SourceQuality "1"]

{[%evp 22,99,14,0,0,0,26,42,81,31,103,94,105,85,85,82,138,150,166,177,168,112,228,220,237,234,214,234,289,251,238,178,193,186,179,130,209,155,229,225,276,276,248,137,243,220,241,147,143,143,143,143,135,112,112,113,129,132,132,135,177,174,314,307,417,410,325,304,29970,29971,29970,29972,29971,29972,29977,29979,29978,29980,29980,29981]} 1. c4 c6 2. d4 d5 3. cxd5 cxd5 4. Nf3 Nc6 5. Nc3 Nf6 6. Bf4 Bf5 7. e3 e6 8. Qb3 Bb4 9. Ne5 {D14: Slav Defence: Exchange variation with ...Bf5} Bxc3+ 10. bxc3 Nxe5 11. Bxe5 O-O 12. Qxb7 {LiveBook: 3 Games} (12. Be2 Rc8 13. f3 Qa5 14. Rc1 Rc6 15. g4 Bg6 16. h4 h6 {0-1 (29) Svane,R (2595)-Vidit,S (2711) Douglas 2018}) 12... Ne4 13. Ba6 {[#]} Qa5 $146 (13... f6 $5 14. Bc7 $8 Qd7 $11) ({Predecessor:} 13... f6 14. Bc7 Qd7 15. O-O Nd6 16. Bxd6 Qxd6 {½-½ (36) Georgiev,V (2479)-Solak,D (2609) Batumi 2018}) 14. O-O {[%cal Bh1f1,Bf1c1,Bc1c6][%mdl 32]} Qxc3 15. h3 Qa3 (15... Rac8 $14) 16. Rfc1 $16 Rae8 17. Rc6 f6 18. Bh2 Rf7 ({Better is} 18... e5) 19. Qb3 Qxb3 20. axb3 e5 21. Rd1 (21. f3 $18) 21... Bd7 (21... exd4 $16 22. Rxd4 Re6 23. Rxe6 Bxe6) 22. Rcc1 $18 Rb8 23. dxe5 {[#] e6 is the strong threat.} Rxb3 24. Rxd5 {aiming for Bc4.} Rc3 25. Rxc3 Nxc3 26. Rd3 Bb5 27. e6 Rf8 {Hoping for ...Ne2+.} 28. Rd6 Ne2+ (28... Rb8 $16) 29. Kh1 Bxa6 (29... Nc3 $16 30. Kg1 Re8 31. Bxb5 Nxb5) 30. Rxa6 $16 {[%mdl 4096] Endgame KRB-KRN} Rc8 {With the idea ...Rc1+.} 31. g4 ({Inferior is} 31. Rxa7 Rc1+ 32. Bg1 Rxg1+ 33. Kh2 Kf8 $11) 31... Nc3 32. Rxa7 (32. f4 $18) 32... Ne4 (32... Re8 $16 {was necessary.} 33. Kg2 Rxe6) 33. Kg2 Re8 34. e7 Kf7 35. f3 Nc3 36. e4 Rxe7 37. Ra3 Nb5 38. Rd3 Ra7 39. Bg1 Ra2+ 40. Kg3 Ke6 41. Rb3 Nd6 {[#]} (41... Nc7 {might work better.} 42. h4 Kd6) 42. Bc5 $1 $18 Ra6 43. Bxd6 Rxd6 {KR-KR} 44. Rb7 Rd7 $2 (44... g5 $18 45. Rxh7 Rd2) 45. Rxd7 {White mates.} Kxd7 46. Kf4 Ke6 47. h4 {[%cal Bh3h4,Bh4h5][%mdl 32]} h6 48. h5 Ke7 49. Kf5 Kf7 50. f4 {Accuracy: White = 74%, Black = 29%.} 1-0

[Event "25th Zadar Open 2018"]
[Site "Zadar"]
[Date "2018.12.15"]
[Round "1.20"]
[White "Karthik Kumar Pradeep"]
[Black "Ivekovic, Bozidar"]
[Result "1-0"]
[WhiteElo "2230"]
[BlackElo "2406"]
[Annotator "NA"]
[PlyCount "81"]
[EventDate "2018.12.15"]
[EventType "swiss"]
[EventCountry "CRO"]
[SourceTitle "playchess.com"]
[Source "ChessBase"]
[SourceQuality "1"]
[TimeControl "40/5400+30:1800+30"]

1. d4 {[%emt 0:00:30]} d5 {[%emt 0:00:30]} 2. c4 {[%emt 0:00:30]} c6 {[%emt 0:00:30]} 3. Nf3 {[%emt 0:00:30]} Nf6 {[%emt 0:00:00]} 4. e3 {[%emt 0:00:30]} Bf5 {[%emt 0:00:00]} 5. Nc3 {[%emt 0:00:00]} e6 {[%emt 0:06:30]} 6. Nh4 {[%emt 0:01:00]} Be4 {[%emt 0:06:30]} 7. f3 {[%emt 0:00:30]} Bg6 {[%emt 0:00:30]} 8. Qb3 {[%emt 0:01:30]} Qc7 {[%emt 0:16:30]} 9. Bd2 {[%emt 0:02:30]} Bd6 {[%emt 0:12:30]} 10. Nxg6 {[%emt 0:03:30]} hxg6 {[%emt 0:00:30]} 11. f4 {[%emt 0:00:30]} Nbd7 {[%emt 0:05:30]} 12. Rc1 {[%emt 0:12:30]} Qb6 {[%emt 0:05:30]} 13. Qc2 {[%emt 0:01:30]} Bb4 {[%emt 0:00:30]} 14. c5 {[%emt 0:31:30]} Qd8 {[%emt 0:00:30]} 15. g3 {[%emt 0:14:30]} Bxc3 {[%emt 0:10:30]} 16. Bxc3 {[%emt 0:00:00]} Ne4 {[%emt 0:00:30]} 17. Bg2 {[%emt 0:00:00]} Ndf6 {[%emt 0:00:00]} 18. Qe2 {[%emt 0:07:30]} Qc7 {[%emt 0:05:00]} 19. O-O {[%emt 0:00:30]} Ke7 {[%emt 0:03:30]} 20. Rfd1 {[%emt 0:07:54]} g5 {[%emt 0:01:30]} 21. b4 {[%emt 0:03:30]} Rh7 {[%emt 0:02:30]} 22. Be1 {[%emt 0:02:14]} Rah8 {[%emt 0:00:30]} 23. Bf3 {[%emt 0:00:11]} gxf4 {[%emt 0:04:41]} 24. exf4 {[%emt 0:00:03]} g5 {[%emt 0:00:07]} 25. Bxe4 {[%emt 0:04:37]} Nxe4 {[%emt 0:00:06]} 26. fxg5 {[%emt 0:02:23]} Nxg5 {[%emt 0:02:07]} 27. Bd2 {[%emt 0:01:03]} Ne4 {[%emt 0:01:50]} 28. Bf4 {[%emt 0:00:21]} Qc8 {[%emt 0:00:05]} 29. Rc2 {[%emt 0:00:20]} Qg8 {[%emt 0:01:26]} 30. Qf3 {[%emt 0:00:20]} Qg6 {[%emt 0:01:56]} 31. Rg2 {[%emt 0:00:56]} f6 {[%emt 0:00:47]} 32. b5 {[%emt 0:01:17]} Qe8 {[%emt 0:06:00]} 33. bxc6 {[%emt 0:00:22]} Qxc6 {[%emt 0:02:29]} 34. Rb2 {[%emt 0:00:04]} Rh5 {[%emt 0:04:27]} 35. Rdb1 {[%emt 0:00:16]} e5 {[%emt 0:00:12]} 36. Rxb7+ {[%emt 0:00:23]} Kd8 {[%emt 0:01:00]} 37. Rxa7 {[%emt 0:01:11]} Qc8 {[%emt 0:00:21]} 38. Bxe5 {[%emt 0:01:17]} Rxe5 {[%emt 0:00:35]} 39. Qa3 {[%emt 0:00:38]} Nd2 {[%emt 0:00:34]} 40. Qa5+ {[%emt 0:00:00]} Ke8 {[%emt 0:00:00]} 41. Ra8 {[%emt 0:05:40]} 1-0

[Event "25th Zadar Open 2018"]
[Site "Zadar"]
[Date "2018.12.16"]
[Round "2.1"]
[White "Janzelj, Tim"]
[Black "Petrov, Nikita"]
[Result "0-1"]
[WhiteElo "2395"]
[BlackElo "2593"]
[Annotator "TA"]
[PlyCount "74"]
[EventDate "2018.12.15"]
[EventType "swiss"]
[EventCountry "CRO"]
[SourceTitle "playchess.com"]
[Source "ChessBase"]
[SourceQuality "1"]

{[%evp 22,74,0,0,8,0,0,10,10,2,10,-41,-41,-41,-45,-77,-74,-72,-31,-85,-49,-51,-35,-41,-44,-423,-112,-102,-112,-155,-157,-136,-120,-179,-177,-173,-137,-137,-136,-257,-257,-220,-229,-406,-382,-527,-355,-358,-330,-488,-476,-616,-616,-29989,-29990]} 1. d4 Nf6 2. c4 e6 3. Nc3 Bb4 4. Qc2 O-O 5. Nf3 c5 6. dxc5 Na6 {[%cal Bb8a6,Ba6c5,Bc5e4,Be4d2][%mdl 32]} 7. g3 Nxc5 8. Bg2 Nce4 9. Bd2 Nxd2 10. Nxd2 d5 11. a3 {E39: Nimzo-Indian: Classical: 4...c5 5 dxc5 0-0} Bxc3 12. Qxc3 {LiveBook: 5 Games} Bd7 13. cxd5 {The position is equal.} Nxd5 $146 ({Predecessor:} 13... exd5 14. O-O Qb6 15. Qb4 Qxb4 16. axb4 Bb5 17. Bf3 Rfe8 18. Rfe1 a6 {1-0 (53) Gofshtein,L (2519)-Nyysti,S (2297) Kallithea 2002}) 14. Qd4 Bb5 15. Bxd5 Bc6 {[%mdl 64] Pin} 16. e4 (16. Rc1 $11) 16... exd5 $15 17. e5 f6 18. O-O fxe5 $1 19. Qxe5 d4 20. Nb3 (20. Rae1 $15) 20... Qb6 21. Nxd4 Rfe8 $1 {[%cal Re8e5,Bf8e8,Be8e7,Be7d7][%mdl 32]} 22. Ne6 $1 {[%csl Ge6][%cal Re5g7]} Re7 $36 {[%mdl 2048] aiming for ...Rae8. Black fights for an advantage.} 23. Rad1 $2 {[%mdl 8192] [#]} (23. Qd6 $1 $15 Rae8 24. Nf4) 23... Bd7 $2 (23... Qb3 $1 $19 {[%cal Rb3f3] is more deadly.} 24. Qe3 Qxe3 25. fxe3 Rxe6) 24. Rxd7 $17 Rxd7 25. Ng5 {Threatens to win with Qf5.} Qf6 26. Qb5 Re7 27. Qd5+ (27. h4 $17) 27... Kh8 $19 28. h4 Rf8 ({Not} 28... Qxb2 29. Nf7+ Kg8 30. Ne5+ Kh8 31. Nf7+ Kg8 32. Ne5+ Kh8 33. Re1 $11) 29. Qd3 {[%csl Gg5][%cal Rd3h7]} Qf5 30. Qd6 (30. Qxf5 $17 Rxf5 31. Rd1) 30... Rd7 31. Qb4 {[#]} a5 $1 {[%cal Ra5b4]} 32. Qa4 $2 (32. Qe4 {was worth a try.}) 32... Rd2 {[%cal Rd2f2]} 33. Ne4 Rxb2 34. Qd4 Re2 35. Nc5 (35. Nc3 $142 Ree8 36. Qb6) 35... b6 36. Nd7 Rd8 37. Rd1 {[#]} Rxd7 $1 {[%mdl 512] Accuracy: White = 18%, Black = 58%.} 0-1

[Event "25th Zadar Open 2018"]
[Site "Zadar"]
[Date "2018.12.16"]
[Round "2.2"]
[White "Kurayan, Ruslan"]
[Black "Brkic, Ante"]
[Result "0-1"]
[WhiteElo "2391"]
[BlackElo "2563"]
[Annotator "TA"]
[PlyCount "106"]
[EventDate "2018.12.15"]
[EventType "swiss"]
[EventCountry "CRO"]
[SourceTitle "playchess.com"]
[Source "ChessBase"]
[SourceQuality "1"]

{[%evp 25,106,-21,-27,-38,-41,-30,-25,-87,-8,-22,-16,-39,-34,-60,-60,-52,-56,-73,-68,-77,-36,-81,-69,-75,-77,-62,-86,-154,-137,-135,-153,-172,-170,-158,-162,-162,-186,-185,-185,-185,-185,-189,-183,-183,-167,-221,-221,-295,-289,-331,-331,-331,-308,-431,-389,-919,-1020,-1019,-1891,-2183,-2183,-2183,-1905,-2018,-1973,-1702,-1520,-1499,-1481,-29975,-29976,-29978,-29978,-29978,-29979,-29982,-29983,-29983,-29984,-29985,-29986,-29986,-29987]} 1. e4 c5 2. Nf3 d6 3. d4 cxd4 4. Nxd4 Nf6 5. Nc3 a6 6. Be3 e5 7. Nb3 Be6 8. Qd2 Nbd7 9. O-O-O {B90: Sicilian Najdorf: Unusual White 6th moves, 6 Be3 Ng4 and 6 Be3 e5} b5 10. f4 Be7 11. Kb1 O-O 12. f5 Bc4 13. g4 Nxg4 {LiveBook: 9 Games} 14. Rg1 Nxe3 15. Qxe3 Bxb3 16. Qh6 {[#]} (16. axb3 $11 Kh8 17. Nd5) 16... Bf6 {[#]} (16... Bxc2+ $1 $17 17. Kxc2 Bf6) 17. cxb3 $146 ({Predecessor:} 17. axb3) 17... Kh8 18. Qh5 Be7 19. Nd5 {Black should prevent Rd3.} Nf6 20. Nxf6 Bxf6 21. Rd3 h6 22. Qd1 Qe7 23. Rg2 Rfd8 24. Rc2 d5 25. Rxd5 Rxd5 26. Qxd5 (26. exd5 $142 Qd7 27. Qg4) 26... Rd8 $17 27. Qc6 Qb4 $36 {[%mdl 2048] White must now prevent ...Bg5. Black is on the roll.} 28. a3 {[#]} Rd1+ $1 ({Worse is} 28... Qxb3 29. Be2 $11) 29. Rc1 Rxc1+ {[%mdl 64] Overworked Piece} 30. Qxc1 Qxe4+ {[%mdl 64] Double Attack} 31. Qc2 Qe1+ 32. Qc1 Qf2 33. Bd3 Qxh2 34. Be4 Qe2 35. Qc8+ (35. Qc2 {might work better.} Qg4 36. Bd5) 35... Kh7 $19 36. Qb7 h5 37. Ka2 {[#]} Kh6 $1 38. Bf3 Qh2 {( -> ...e4!)} 39. Qxf7 {[%csl Gf5][%cal Rf7g6]} Kg5 {And now ...e4 would win.} 40. Qg6+ $2 (40. Qc7 Qd2 41. Be4 (41. Qf7 $2 e4 $19)) 40... Kf4 41. Qxh5 Qxh5 42. Bxh5 Kxf5 {[%mdl 4096] Endgame KB-KB} 43. Kb1 g5 {[%cal Bg7g5,Bg5g4,Bg4g3][%mdl 32]} 44. Kc2 g4 45. Kd2 e4 46. a4 b4 47. a5 Bd8 {Black mates.} 48. Bf7 Bxa5 49. Bc4 g3 50. Ke2 Bb6 51. Kf1 a5 52. Kg2 Kf4 53. Bd5 Bd4 {Accuracy: White = 45%, Black = 92%.} 0-1